| 000 | 00923nam a2200277Ia 4500 | ||
|---|---|---|---|
| 003 | OSt | ||
| 005 | 20220928115228.0 | ||
| 006 | a|||||r|||| 00| 0 | ||
| 007 | ta | ||
| 008 | 220927b |||||||| |||| 00| 0 eng d | ||
| 020 | _c825.29999999999995 | ||
| 024 | _a125655 | ||
| 037 |
_b231, 06/01/2015, Classic Book Service _cTextual |
||
| 040 |
_aSDCL _cSDCL _beng |
||
| 041 |
_2eng _aeng |
||
| 082 | _aX61, Q2 | ||
| 100 |
_aBlanchard Olivier Ed. _9435270 |
||
| 245 | 0 |
_aIn the wake of the crisis _b Leading economists reassess economic policy |
|
| 260 |
_aCambridge _bThe MIT Press _c2012 |
||
| 300 |
_ax;239p. _ccm. |
||
| 650 |
_aBusiness Economics _9391653 |
||
| 700 |
_a Romer David Ed. _9435271 |
||
| 700 |
_a Spence Michael Ed. _9443454 |
||
| 942 |
_hX61, Q2 _cTEXL _2CC |
||
| 999 |
_c758598 _d758598 |
||